| 000 | 00572nam a22001937a 4500 | ||
|---|---|---|---|
| 003 | MN-UlNLM | ||
| 005 | 20250122143312.0 | ||
| 008 | 241017s2024 mp ||||| |||| 00| 0 mon d | ||
| 020 | _a9789919022648 | ||
| 040 | _bmon | ||
| 084 |
_2NNA _a84(5Мон)-5 _bП 915 _q84 |
||
| 100 | 1 | _aПүрэвдорж Ч. | |
| 240 | _aDem leben zuruckgeben | ||
| 245 | 1 |
_aАмьдралын төлөөс _bШүлгийн түүвэр _cОрч. В.Айлээн, П.Гангаамаа |
|
| 260 | 1 |
_aУБ _bЖиком пресс _c2024 |
|
| 300 | _a224х | ||
| 546 | _amon | ||
| 942 | _cBK | ||
| 999 |
_c1145434 _d1145491 |
||